| 000 | 00718nas a2200241 4500 | ||
|---|---|---|---|
| 001 | BR9000486 | ||
| 003 | BR-BrBNA | ||
| 005 | 20231205091806.0 | ||
| 007 | ta | ||
| 008 | 230509b bl.|||p| |||| 00| 00por d | ||
| 040 |
_aBR-BrBNA _bpor _cBiblioteca Nacional de Agricultura |
||
| 041 | _a(Pt) | ||
| 072 | _aF50 | ||
| 100 | 1 | _aAraujo, P.A.M. | |
| 100 | 1 | _aMattos Filho, A. | |
| 245 | 1 | _aEstrutura das madeiras brasileiras de dicotiledoneas (XXVII). Humiriaceae | |
| 650 | _aHUMIRIACEAE | ||
| 650 | _aMADEIRA | ||
| 650 | _aESTRUTURA VEGETAL | ||
| 773 | 0 |
_tRodriguesia (Brazil) _xISSN 0370-6583 _g(Jan-Jun 1985), v. 37(62) p. 91-114 _wBR9000486 |
|
| 909 |
_a202311 _bLúcia _c55 _dLúcia Elande |
||
| 942 |
_2AGRIS _n0 _cANA |
||
| 999 |
_c127371 _d127371 |
||